000 01914nam a2200217Ia 4500
001 b6599-47455
003 IT-MiCISF
008 161014s9999||||xx |||||||||||||| ||und||
040 _aIT-MiCISF
_cIT-MiCISF
041 _ait
100 _aCatanzaro Raimondo
245 0 _aBadanti & Co.
_bIl lavoro domestico straniero in Italia
250 _a1a ed.
260 _aBologna
_bIl Mulino
_c2009
300 _app. 387
500 _aSarti R., Caponio T., Ambrosini M., Beccallli B., Cvainer M., Sciortino G., Banfi L., Greco L., Petrosino D., Colombo A., Decimo F., Tognetti Bordogna M., Fullin G., Reyneri E., Vercelloni V., Marchetti A. / lavoro-domestico, donna, famiglia-migranti, differenza-sessuale, rapporti-familiari, rapporti-sociali, integrazione / Oggi oltre due milioni e mezzo di famiglie italiane hanno in casa assistenti familiari (le cosiddette "badanti"), colf, baby-sitter. Ma la novità più vistosa, rispetto al passato, sta nel fatto che questo personale di servizio è costituito in misura crescente da stranieri, e in particolare da straniere: quella che era chiamata semplicemente "la donna" è diventata "la filippina" o "l'ucraina". Un cambiamento largamente inesplorato. Basato su estese ricerche condotte negli ultimi anni da un team di studiosi che hanno intrecciato approcci disciplinari diversi, e su un ricchissimo archivio di oltre seicento lunghe storie di vita raccontate da lavoratrici e lavoratori stranieri, questo volume ne ricostruisce i percorsi migratori, i canali di integrazione, le esperienze lavorative, le relazioni domestiche all'interno delle nostre case. Per quanto non ci si pensi, queste persone hanno poi anche una casa propria che è scenario di vite quotidiane e familiari, di rapporti affettivi e amicali, qui indagati e rivelati.
650 _a Famiglia nella società / lavoro
_e006
700 _aColombo Asher
942 _cBK
957 _71
999 _a47455
_bsi
_g1
_c210429
_d210429